[Event "Moscow Open A 2015"]
[Site "Moscow RUS"]
[Date "2015.02.01"]
[Round "2.24"]
[White "Iljushin, Alexei"]
[Black "Martirosyan, Haik M."]
[Result "1-0"]
[WhiteTitle "GM"]
[BlackTitle "FM"]
[WhiteElo "2515"]
[BlackElo "2389"]
[WhiteFideId "4122178"]
[BlackFideId "13306553"]
[EventDate "2015.01.31"]

1. d4 Nf6 2. c4 e6 3. g3 c5 4. d5 exd5 5. cxd5 b5 6. e4 Nxe4 7. Bg2 Nd6 8. Nf3
Be7 9. O-O O-O 10. Bf4 Bb7 11. Re1 Na6 12. Nc3 Nc7 13. Rc1 Re8 1-0

[Event "Moscow Open A 2015"]
[Site "Moscow RUS"]
[Date "2015.02.01"]
[Round "2.25"]
[White "Kanter, Eduard"]
[Black "Atabayev, Maksat"]
[Result "0-1"]
[WhiteTitle "IM"]
[BlackTitle "IM"]
[WhiteElo "2369"]
[BlackElo "2496"]
[WhiteFideId "4103963"]
[BlackFideId "14001101"]
[EventDate "2015.01.31"]

1. d4 Nf6 2. c4 e6 3. Nf3 Bb4+ 4. Nbd2 b6 5. a3 Bxd2+ 6. Qxd2 Bb7 7. e3 O-O 8.
Be2 a5 9. b3 d6 10. O-O Nbd7 11. Qc2 Ne4 12. Rd1 f5 13. d5 e5 14. Bb2 Qf6 15. b4
Qh6 16. Nd2 Nxd2 17. Rxd2 Nf6 18. Qd3 Bc8 19. Rf1 f4 20. exf4 Qxf4 21. Bc1 Qh4 0-1

[Event "Moscow Open A 2015"]
[Site "Moscow RUS"]
[Date "2015.02.01"]
[Round "2.26"]
[White "Matsenko, Sergei"]
[Black "Zude, Erik"]
[Result "1/2-1/2"]
[WhiteTitle "IM"]
[BlackTitle "IM"]
[WhiteElo "2489"]
[BlackElo "2378"]
[WhiteFideId "4170083"]
[BlackFideId "4604644"]
[EventDate "2015.01.31"]

1. Nf3 Nf6 2. c4 g6 3. g3 Bg7 4. Bg2 O-O 5. O-O d6 6. d4 Nbd7 7. Nc3 e5 8. dxe5
dxe5 9. Be3 c6 10. h3 Qe7 11. Qb3 Re8 12. Rfd1 Nc5 13. Qa3 Nfd7 14. b4 Ne6 15.
Ne4 Rd8 16. c5 Nc7 17. Bg5 Nf6 18. Rxd8+ Qxd8 19. Qa5 b6 20. cxb6 Ncd5 21. Rd1
Bb7 22. Bxf6 Bxf6 23. bxa7 Qxa5 24. bxa5 1/2-1/2

[Event "Moscow Open A 2015"]
[Site "Moscow RUS"]
[Date "2015.02.01"]
[Round "2.27"]
[White "Savenkov, Konstantin"]
[Black "Firat, Burak"]
[Result "0-1"]
[WhiteTitle "FM"]
[BlackTitle "IM"]
[WhiteElo "2363"]
[BlackElo "2486"]
[WhiteFideId "4138600"]
[BlackFideId "6305881"]
[EventDate "2015.01.31"]

1. e4 c5 2. Nf3 e6 3. d4 cxd4 4. Nxd4 Nc6 5. Nxc6 bxc6 6. c4 Nf6 7. Nc3 Qc7 8.
Bd3 Bc5 9. O-O h5 10. h3 Ng4 11. hxg4 hxg4 12. Re1 Qh2+ 13. Kf1 Qh1+ 14. Ke2
Qxg2 15. Be3 Bxe3 16. Kxe3 Rb8 17. Rb1 Rh3+ 18. Kd2 Qxf2+ 19. Re2 Qd4 20. Kc2
Ba6 21. b3 d5 22. exd5 cxd5 23. Rxe6+ Kf8 24. Rxa6 dxc4 25. bxc4 Rd8 26. Nd5
Rh2+ 27. Kb3 Rh3 28. Nb4 Qe4 29. Kc3 Rd4 30. Rc6 g6 31. Rc8+ Kg7 0-1

[Event "Moscow Open A 2015"]
[Site "Moscow RUS"]
[Date "2015.02.01"]
[Round "2.28"]
[White "Kharchenko, Boris"]
[Black "Akhmetov, Ayan"]
[Result "1-0"]
[WhiteTitle "GM"]
[BlackTitle "IM"]
[WhiteElo "2483"]
[BlackElo "2376"]
[WhiteFideId "14113210"]
[BlackFideId "13703706"]
[EventDate "2015.01.31"]

1. e4 e6 2. d4 d5 3. Nd2 Nc6 4. Ngf3 Nf6 5. e5 Nd7 6. Be2 Be7 7. Nf1 O-O 8. Ne3
f6 9. exf6 Nxf6 10. O-O Bd6 11. c4 b6 12. a3 Ne7 13. b4 dxc4 14. Nxc4 Ned5 15.
Qc2 Nf4 16. Bxf4 Bxf4 17. g3 Bd6 18. Nfe5 Bb7 19. Rad1 Qe8 20. Rfe1 Rd8 21. f4
Be7 22. Bf3 Bxf3 23. Nxf3 Nd5 1-0

[Event "Moscow Open A 2015"]
[Site "Moscow RUS"]
[Date "2015.02.01"]
[Round "2.29"]
[White "Sadovsky, Artem"]
[Black "Ulko, Jaroslav"]
[Result "0-1"]
[BlackTitle "IM"]
[WhiteElo "2362"]
[BlackElo "2482"]
[WhiteFideId "4155840"]
[BlackFideId "4116658"]
[EventDate "2015.01.31"]

1. e4 c5 2. Nf3 d6 3. c3 Nf6 4. h3 Nbd7 5. Bd3 b6 6. O-O Bb7 7. Re1 Qc7 8. Bc2
Rc8 9. Na3 e6 10. d3 Be7 11. Bf4 O-O 12. d4 cxd4 13. cxd4 e5 14. Bh2 b5 15. Bd3
a6 16. Nc2 Rfe8 17. Ne3 exd4 18. Nxd4 Bf8 19. a4 Qb6 20. Nec2 0-1

[Event "Moscow Open A 2015"]
[Site "Moscow RUS"]
[Date "2015.02.01"]
[Round "2.30"]
[White "Badmatsyrenov, Oleg"]
[Black "Appolonov, Sergey"]
[Result "0-1"]
[WhiteTitle "IM"]
[BlackTitle "IM"]
[WhiteElo "2481"]
[BlackElo "2370"]
[WhiteFideId "24115762"]
[BlackFideId "4116291"]
[EventDate "2015.01.31"]

1. e4 c5 2. Nf3 e6 3. d4 cxd4 4. Nxd4 Nf6 5. Nc3 Nc6 6. Ndb5 Bb4 7. a3 Bxc3+ 8.
Nxc3 d5 9. exd5 exd5 10. Bd3 O-O 11. O-O Bg4 12. Qd2 Re8 13. Qf4 d4 14. Ne4 Be2
15. Bxe2 Rxe4 16. Qd2 Ne5 17. f3 Rh4 18. Qe1 Kh8 19. g3 Rh3 20. Kg2 0-1

[Event "Moscow Open A 2015"]
[Site "Moscow RUS"]
[Date "2015.02.01"]
[Round "2.31"]
[White "Gordievsky, Dmitry"]
[Black "Khegay, Dmitriy"]
[Result "1-0"]
[WhiteTitle "FM"]
[BlackTitle "FM"]
[WhiteElo "2479"]
[BlackElo "2370"]
[WhiteFideId "24112798"]
[BlackFideId "24153729"]
[EventDate "2015.01.31"]

1. d4 Nf6 2. c4 e6 3. Nf3 b6 4. g3 Ba6 5. Qc2 Bb4+ 6. Bd2 Be7 7. Bg2 O-O 8. O-O
c6 9. Rd1 d5 10. b3 Nbd7 11. Nc3 Rc8 12. e4 dxc4 13. Bf4 b5 14. bxc4 bxc4 15. h3
Bb4 16. Ne2 Qa5 17. a3 Be7 18. g4 Rfd8 19. Ng3 Nf8 20. g5 N6d7 21. h4 Nb6 22. a4
c3 23. h5 Nc4 24. Rdc1 Ba3 25. Rxa3 Nxa3 26. Qxc3 Qxc3 27. Rxc3 Nc4 28. Bf1 c5
29. d5 exd5 30. exd5 Rxd5 31. Bxc4 Bxc4 32. Rxc4 Ne6 33. Bd2 Rb8 34. Ne4 h6 35.
gxh6 f5 36. Neg5 Nxg5 37. Bxg5 Rb4 38. Rc1 Rg4+ 39. Kf1 gxh6 40. Be3 Rxa4 41.
Bxc5 f4 42. Kg2 Rxh5 43. Bd4 Rf5 44. Rc8+ Rf8 45. Rc6 Kh7 46. Rc7+ Kg6 47. Rg7+
Kh5 48. Bxa7 Rf6 49. Rb7 Rg6+ 50. Kh2 Ra5 51. Bd4 Rd5 52. Rf7 Rg8 53. Rxf4 Rg4
54. Rxg4 Kxg4 55. Kg2 Ra5 1-0

[Event "Moscow Open A 2015"]
[Site "Moscow RUS"]
[Date "2015.02.01"]
[Round "2.32"]
[White "Smirnov, Timofey"]
[Black "Matinian, Nikita"]
[Result "1/2-1/2"]
[BlackTitle "IM"]
[WhiteElo "2358"]
[BlackElo "2475"]
[WhiteFideId "24176427"]
[BlackFideId "24129100"]
[EventDate "2015.01.31"]

1. e4 e5 2. Nf3 Nc6 3. Bb5 a6 4. Ba4 Nge7 5. O-O g6 6. d4 exd4 7. Nxd4 Bg7 8.
Be3 O-O 9. Nxc6 Nxc6 10. c3 d6 11. Nd2 Be6 12. Bb3 Re8 13. Bxe6 Rxe6 14. Qb3 b6
15. Rfe1 Ne5 16. f3 Qd7 17. Rad1 Qb5 18. Nf1 Rae8 19. Rd5 Qd7 20. Red1 Kh8 21.
Bf4 f5 22. Ng3 Rf8 23. exf5 gxf5 24. Qc2 Ng6 25. Bc1 f4 26. Ne4 Be5 27. Ng5 Re7
28. Nh3 Rg8 29. Qf2 Reg7 30. Kh1 Qe7 31. Rg1 Qf6 32. Rd2 Nh4 33. Qe1 Qh6 34. Qf1
Rg6 35. Re2 R8g7 36. g4 Rg8 37. Re4 Rf8 38. g5 Qg7 39. Rg4 Nf5 40. Bxf4 Re6 41.
Qe2 Rfe8 42. Bxe5 Rxe5 43. Rxe5 dxe5 44. Nf2 Qf7 45. Qc4 Qd7 46. Qd3 Rd8 47. Qe2
Qd5 48. Re4 Qxa2 49. Rxe5 Qb1+ 50. Kg2 Nh4+ 51. Kh3 Ng6 52. Re8+ Kg7 53. Re4 Qc1
54. Qc4 c5 55. Qxa6 Qxg5 56. Qb7+ Kh8 57. Rg4 Qh6+ 58. Kg3 Qc1 59. f4 Rf8 60.
Qe4 Qxb2 61. c4 Qc3+ 62. Kg2 Qf6 63. Nd3 Rd8 64. Ne5 Rd2+ 65. Kf3 Rd6 66. Qa8+
Kg7 67. Qb7+ Kf8 68. Qb8+ Ke7 69. Qc7+ Ke8 70. Ke4 Re6 71. Qc8+ Ke7 72. Qd7+ Kf8
73. Qxh7 Rxe5+ 74. fxe5 Qxe5+ 75. Kf3 Qf5+ 76. Kg3 Qd3+ 77. Kg2 Qe2+ 78. Kg3 1/2-1/2

[Event "Moscow Open A 2015"]
[Site "Moscow RUS"]
[Date "2015.02.01"]
[Round "2.33"]
[White "Potapov, Pavel"]
[Black "Mirzoev, Emil"]
[Result "1/2-1/2"]
[WhiteTitle "IM"]
[WhiteElo "2474"]
[BlackElo "2362"]
[WhiteFideId "4169786"]
[BlackFideId "14108640"]
[EventDate "2015.01.31"]

1. e4 c5 2. c3 d6 3. d4 Nf6 4. Bd3 g6 5. Ne2 Bg7 6. O-O O-O 7. Nd2 cxd4 8. cxd4
Nc6 9. b3 Bg4 10. Bb2 Bxe2 11. Bxe2 h5 12. Re1 Nd7 13. Nc4 b5 14. Ne3 Qb6 15.
Nd5 Qb7 16. Rc1 Rfe8 17. e5 e6 18. Nc3 dxe5 19. Nxb5 Red8 20. d5 Nb4 21. d6 Qb6
22. a4 a6 23. Na3 Rab8 24. Nc4 Qa7 25. Bf3 Nc5 26. Be4 f5 27. Bb1 e4 28. Bd4
Nbd3 29. Be3 1/2-1/2

[Event "Moscow Open A 2015"]
[Site "Moscow RUS"]
[Date "2015.02.01"]
[Round "2.34"]
[White "Wan, Yunguo"]
[Black "Kotenko, Pavel"]
[Result "1-0"]
[WhiteTitle "IM"]
[BlackTitle "IM"]
[WhiteElo "2472"]
[BlackElo "2359"]
[WhiteFideId "8603189"]
[BlackFideId "4130219"]
[EventDate "2015.01.31"]

1. e4 e5 2. Nf3 Nc6 3. Bb5 a6 4. Ba4 d6 5. c4 Nf6 6. d3 Be7 7. h3 O-O 8. Be3 Nd7
9. Nc3 Bf6 10. Ne2 Re8 11. O-O Nf8 12. d4 exd4 13. Nfxd4 Nxd4 14. Bxd4 Rxe4 15.
Qd3 Bf5 16. Bxf6 Qxf6 17. Ng3 Re5 18. Qf3 c6 19. Rad1 Qe6 20. Qc3 Rd8 21. Rfe1
Re8 22. Rxe5 dxe5 23. Qb4 b5 24. cxb5 axb5 25. Bb3 Qc8 26. Nxf5 Qxf5 27. Rd6 Rc8
28. Qc5 Qb1+ 29. Kh2 Qxb2 30. Qa7 Ng6 31. Bxf7+ Kh8 32. Bxg6 hxg6 33. Rxg6 e4
34. Qe7 Ra8 35. Rg4 Qf6 36. Qxe4 Kg8 37. Rf4 Qd6 38. g3 Rf8 39. Rxf8+ Kxf8 40.
Kg2 b4 41. h4 c5 42. g4 g6 43. g5 Kg7 44. Kh3 Qc7 45. Qc4 Qe5 46. Kg2 Qc3 47.
Qe4 c4 48. Qe7+ Kg8 49. Qe8+ Kg7 50. Qe7+ Kg8 51. h5 gxh5 52. g6 Qg7 53. Qe6+
Kf8 54. Qd6+ Ke8 55. Qb8+ Ke7 56. Qxb4+ Kf6 57. Qxc4 Qxg6+ 58. Kh2 Qf5 59. Qd4+
Kg6 60. a4 Qa5 61. Qd3+ Kh6 62. Qe3+ Kg6 63. Qf4 Qd5 64. Qc7 Qf5 65. Qd6+ Kh7
66. Qd4 Qa5 67. Qd7+ Kh6 68. Qc6+ Kg7 69. Qb5 Qc7+ 70. Kg2 Qf4 71. Qd7+ Kh6 72.
Qc6+ Kh7 73. Kf1 Qd4 74. Qc7+ Kh6 75. a5 Qd3+ 76. Kg1 h4 77. Qc6+ Kh5 78. a6 Qd4
79. Qe8+ Kg4 80. Qe6+ Kh5 81. Kg2 Qa1 82. Kh2 Qd4 83. Qe8+ Kg4 84. Qe2+ Kf5 85.
Qf3+ Kg6 86. Kh3 Qa4 87. Qg4+ 1-0

[Event "Moscow Open A 2015"]
[Site "Moscow RUS"]
[Date "2015.02.01"]
[Round "2.35"]
[White "Airapetian, Gor"]
[Black "Sanzhaev, Darsen"]
[Result "1/2-1/2"]
[WhiteTitle "IM"]
[BlackTitle "FM"]
[WhiteElo "2470"]
[BlackElo "2357"]
[WhiteFideId "4177916"]
[BlackFideId "24120030"]
[EventDate "2015.01.31"]

1. d4 Nf6 2. c4 e6 3. Nf3 d5 4. Nc3 c6 5. e3 Nbd7 6. Qc2 b6 7. Bd3 Bb7 8. O-O
Be7 9. b3 O-O 10. Bb2 Rc8 11. Rfd1 h6 12. Qe2 Qc7 13. Ne5 Nxe5 14. dxe5 Nd7 15.
f4 Nc5 16. Bc2 dxc4 17. bxc4 a6 18. Qg4 Rcd8 19. Ne2 Rxd1+ 20. Rxd1 Rd8 21. Rd4
Nd7 22. Ng3 Nf8 23. Nh5 g6 24. Nf6+ Bxf6 25. exf6 Rxd4 26. Bxd4 c5 27. Bc3 Qc6
28. Kf2 b5 29. h4 b4 30. Be5 Qd7 31. Ke2 Bc6 32. h5 Ba4 33. Bb3 Bxb3 34. axb3
Kh7 35. Qf3 gxh5 36. Qxh5 Ng6 37. g4 Qc6 38. Kf2 Qd7 39. Ke2 Qc6 1/2-1/2

[Event "Moscow Open A 2015"]
[Site "Moscow RUS"]
[Date "2015.02.01"]
[Round "2.36"]
[White "Rodchenkov, Vitaly"]
[Black "Chekhov, Sergei"]
[Result "0-1"]
[WhiteTitle "FM"]
[BlackTitle "IM"]
[WhiteElo "2356"]
[BlackElo "2470"]
[WhiteFideId "4152964"]
[BlackFideId "4195639"]
[EventDate "2015.01.31"]

1. e4 c5 2. Nf3 e6 3. d4 cxd4 4. Nxd4 a6 5. Nc3 Qc7 6. a3 Nf6 7. f4 d6 8. g4 h6
9. h3 Nc6 10. Be3 Be7 11. Qf3 Bd7 12. O-O-O Rc8 13. Qf2 b5 14. Bg2 b4 15. axb4
Nxb4 16. g5 Nh5 17. Nb3 hxg5 18. fxg5 g6 19. h4 Rb8 20. Rhf1 O-O 21. Bf3 e5 22.
Bxh5 gxh5 23. Kb1 a5 24. Nd4 Qxc3 0-1

[Event "Moscow Open A 2015"]
[Site "Moscow RUS"]
[Date "2015.02.01"]
[Round "2.37"]
[White "Sanal, Vahap"]
[Black "Demianjuk, Alexander"]
[Result "1-0"]
[WhiteTitle "IM"]
[WhiteElo "2460"]
[BlackElo "2327"]
[WhiteFideId "6300545"]
[BlackFideId "4134249"]
[EventDate "2015.01.31"]

1. Nf3 Nf6 2. c4 g6 3. b3 Bg7 4. Bb2 O-O 5. e3 d6 6. d4 e5 7. Nc3 exd4 8. exd4
Bf5 9. Be2 Ne4 10. O-O Nxc3 11. Bxc3 Re8 12. Rc1 Nc6 13. h3 Be4 14. Nd2 Bf5 15.
Nf3 Be4 16. Qd2 Qe7 17. Rfe1 Qf8 18. Ng5 Bh6 19. d5 f6 20. f4 fxg5 21. fxg5 Bg7
22. Rf1 Qe7 23. Bf6 Bxf6 24. gxf6 Qf7 25. dxc6 Bxc6 26. Bg4 Re5 27. Qh6 Rae8 28.
Kh2 a5 29. Rc3 Re1 30. Rf2 d5 31. Rg3 dxc4 32. bxc4 Be4 33. h4 c5 34. h5 Kh8 35.
hxg6 Qxg6 36. Qh4 Rg8 37. f7 Rf8 38. Rf6 Bxg2 39. Rxg6 Rh1+ 40. Kxg2 Rxh4 41.
Rf6 1-0

[Event "Moscow Open A 2015"]
[Site "Moscow RUS"]
[Date "2015.02.01"]
[Round "2.38"]
[White "Glukhov, Alexander"]
[Black "Kanmazalp, Ogulcan"]
[Result "0-1"]
[BlackTitle "IM"]
[WhiteElo "2296"]
[BlackElo "2457"]
[WhiteFideId "4178882"]
[BlackFideId "6304990"]
[EventDate "2015.01.31"]

1. c4 g6 2. Nc3 c5 3. Nf3 Bg7 4. d4 cxd4 5. Nxd4 Nc6 6. Nb3 Nf6 7. e4 O-O 8. Be2
d6 9. O-O Be6 10. Be3 Rc8 11. Re1 Ne5 12. c5 Nfg4 13. Bd4 dxc5 14. Nxc5 Rxc5 15.
Bxc5 Qc7 16. Bd6 exd6 17. h3 Nf6 18. Nb5 Qa5 19. Nxd6 Qb6 20. Nb5 Nxe4 21. Rf1
Ng5 0-1

[Event "Moscow Open A 2015"]
[Site "Moscow RUS"]
[Date "2015.02.01"]
[Round "2.39"]
[White "Kuderinov, Kirill"]
[Black "Natacheev, Peter"]
[Result "1-0"]
[WhiteTitle "IM"]
[BlackTitle "FM"]
[WhiteElo "2452"]
[BlackElo "2308"]
[WhiteFideId "13701568"]
[BlackFideId "4191854"]
[EventDate "2015.01.31"]

1. e4 e5 2. Nf3 Nc6 3. Bb5 Nf6 4. d3 Bc5 5. O-O d6 6. c3 O-O 7. Bg5 Bb6 8. Nbd2
a6 9. Ba4 h6 10. Be3 Bxe3 11. fxe3 b5 12. Bc2 Ne7 13. d4 Ng6 14. a4 Bb7 15. Bd3
Qd7 16. h3 c5 17. d5 c4 18. Bc2 Qc7 19. Qe1 Qc5 20. Kh1 Rfb8 21. g4 Kf8 22. Qf2
Ke7 23. Nh2 Rf8 24. Ndf3 Bc8 25. axb5 Qxb5 26. Rfb1 Bd7 27. Nf1 Qc5 28. Qe2 Rfb8
29. Ng3 Rb6 30. Ba4 Bc8 31. Nd2 Bb7 32. Kh2 Rc8 33. Bc2 a5 34. Ra2 Nd7 35. Rf1 1-0

[Event "Moscow Open A 2015"]
[Site "Moscow RUS"]
[Date "2015.02.01"]
[Round "2.40"]
[White "Naghdiyev, Niyazi"]
[Black "Tabatabaei, M.amin"]
[Result "0-1"]
[BlackTitle "FM"]
[WhiteElo "2266"]
[BlackElo "2444"]
[WhiteFideId "13405519"]
[BlackFideId "12521213"]
[EventDate "2015.01.31"]

1. d4 Nf6 2. c4 g6 3. g3 Bg7 4. Bg2 d5 5. cxd5 Nxd5 6. Nf3 O-O 7. O-O Nc6 8. e4
Nb6 9. d5 Na5 10. Nc3 c6 11. dxc6 bxc6 12. Qc2 Qc7 13. Rd1 c5 14. Bf4 e5 15. Be3
Nac4 16. Bc1 Bb7 17. b3 Nd6 18. Ba3 Rfd8 19. Rac1 Rac8 20. Qe2 Qc6 21. Nd5 Nxd5
22. exd5 Qb6 23. Bb2 Re8 24. Nd2 Ba6 25. Qg4 f5 26. Qa4 e4 27. Bxg7 Kxg7 28. Bf1
Bxf1 29. Kxf1 e3 30. fxe3 Rxe3 31. Nc4 Nxc4 32. Qd7+ Kh6 33. Qxc8 Ne5 34. Qxc5
Qa6+ 35. Rc4 Nxc4 36. Qxc4 Qxa2 37. Re1 Re4 38. Rxe4 fxe4 39. Qxe4 Qxb3 40. Qh4+
Kg7 41. Qd4+ Kg8 42. d6 Qb1+ 43. Kg2 Qa2+ 44. Kg1 Qb1+ 45. Kf2 Qa2+ 46. Kf3 Qf7+
47. Kg2 Qb7+ 48. Kf2 Qd7 49. Kg1 Kf7 50. Qd5+ Kf6 51. Qc5 Ke6 52. Qe3+ Kxd6 53.
Qd4+ Kc6 54. Qa4+ Kd6 55. Qd4+ Ke6 56. Qg4+ Ke7 57. Qg5+ Kd6 58. Qf6+ Kd5 59.
Qa6 Qc7 60. Kg2 Qc2+ 61. Kh3 Qf5+ 62. Kg2 Qe4+ 63. Kg1 Qb1+ 64. Kg2 Qc2+ 65. Kh3
Qc5 66. Qd3+ Kc6 67. Qa6+ Kc7 68. Qa2 a5 69. Qf7+ Kb8 70. Qb3+ Ka7 71. Qf7+ Kb6
72. Qe6+ Qc6 73. Qe3+ Kb7 74. Qe7+ Qc7 75. Qe4+ Kb8 76. Qa4 h5 77. Kg2 Ka7 78.
Kh3 Qc8+ 79. Kg2 Qc5 80. Qd7+ Kb6 81. Qd8+ Qc7 82. Qd4+ Kb7 83. h4 Qc6+ 84. Kh2
a4 85. Qb2+ Qb6 86. Qg7+ Ka6 87. Qf8 Ka5 88. Qa8+ Kb4 89. Qe4+ Ka3 90. Qd3+ Ka2
91. Qc4+ Qb3 92. Qe4 Qb5 93. Qxg6 Qe2+ 94. Kg1 a3 95. Qd6 Qf3 96. Kh2 Kb2 97.
Qd2+ Kb3 98. Qa5 a2 99. Qb5+ Kc2 100. Qa4+ Kb2 101. Qb4+ Qb3 102. Qd4+ Qc3 103.
Qb6+ Kc1 104. Qg1+ Kc2 0-1

[Event "Moscow Open A 2015"]
[Site "Moscow RUS"]
[Date "2015.02.01"]
[Round "2.41"]
[White "Bykov, Egor"]
[Black "Konovalov, Nikolay"]
[Result "1/2-1/2"]
[BlackTitle "IM"]
[WhiteElo "2109"]
[BlackElo "2442"]
[WhiteFideId "34115290"]
[BlackFideId "4170962"]
[EventDate "2015.01.31"]

1. d4 Nf6 2. Nf3 c5 3. c3 d5 4. e3 cxd4 5. exd4 Nc6 6. Bd3 Bg4 7. O-O Qc7 8.
Nbd2 e6 9. Re1 Bh5 10. Qa4 Bd6 11. Ne5 Bg6 12. Bb5 Bxe5 13. dxe5 Nd7 14. Nf3 O-O
15. Qf4 Rfc8 16. h4 h6 17. Qg3 Kh8 18. Bxc6 bxc6 19. Qh3 Nc5 20. h5 Be4 21. g4
Nd3 22. Re2 Qe7 23. Ne1 Nxc1 24. Rxc1 Qg5 25. Rd1 f5 26. exf6 Qxf6 27. f3 Bh7
28. Nd3 Bxd3 29. Rxd3 e5 30. Qg3 Re8 31. Rde3 Rab8 32. b3 Rf8 33. Kg2 e4 34.
fxe4 Qf1+ 35. Kh2 dxe4 36. Rxe4 Rbd8 37. Qg2 Qf6 38. Qg3 Rd1 39. Re8 Rxe8 40.
Rxe8+ Kh7 41. Re1 Rd2+ 42. Kg1 Rd8 43. Rf1 Qg5 44. Rf2 Rd1+ 45. Kh2 Qd5 46. Qf3
Qxf3 47. Rxf3 Rd2+ 48. Kg3 Rxa2 49. b4 a5 50. bxa5 Rxa5 51. Rf4 Rc5 52. c4 Kg8
53. Kf3 g6 54. Rf6 gxh5 55. Rxh6 hxg4+ 56. Kxg4 Kg7 1/2-1/2

[Event "Moscow Open A 2015"]
[Site "Moscow RUS"]
[Date "2015.02.01"]
[Round "2.42"]
[White "Petrov, Nikita"]
[Black "Lomasov, Semen"]
[Result "1/2-1/2"]
[WhiteTitle "IM"]
[BlackTitle "FM"]
[WhiteElo "2436"]
[BlackElo "2305"]
[WhiteFideId "4101286"]
[BlackFideId "24164879"]
[EventDate "2015.01.31"]

1. Nf3 Nf6 2. c4 c5 3. Nc3 d5 4. cxd5 Nxd5 5. g3 Nc6 6. Bg2 e6 7. d4 cxd4 8.
Nxd4 Nxd4 9. Qxd4 Nxc3 10. Qxc3 Be7 11. O-O Bf6 12. Qb3 Qb6 13. Be3 Qxb3 14.
axb3 Bxb2 15. Rxa7 Rxa7 16. Bxa7 O-O 17. Rb1 Bf6 18. Bb6 e5 19. b4 Bg4 20. Kf1
h5 21. Bc5 Rb8 22. Bd5 Bh3+ 23. Ke1 Rd8 24. f3 Rd7 25. Kf2 Be6 26. e4 Be7 27.
Bxe7 Rxe7 28. Bxe6 fxe6 1/2-1/2

[Event "Moscow Open A 2015"]
[Site "Moscow RUS"]
[Date "2015.02.01"]
[Round "2.43"]
[White "Seliverstov, Vladimir"]
[Black "Palachev, Petr"]
[Result "0-1"]
[WhiteTitle "FM"]
[BlackTitle "FM"]
[WhiteElo "2432"]
[BlackElo "2300"]
[WhiteFideId "4192036"]
[BlackFideId "24129003"]
[EventDate "2015.01.31"]

1. d4 Nf6 2. c4 e6 3. Nc3 Bb4 4. e3 O-O 5. Ne2 Re8 6. a3 Bf8 7. d5 a5 8. Ng3 d6
9. Bd3 c6 10. dxe6 Bxe6 11. O-O Nbd7 12. b3 Nc5 13. Be2 d5 14. Qc2 a4 15. Nxa4
Nxa4 16. bxa4 dxc4 17. Bxc4 Bxc4 18. Qxc4 Qd5 19. Qc2 Ne4 20. Rd1 Qc5 21. Qxc5
Nxc5 22. Rb1 Rxa4 23. Ne2 Rea8 24. Kf1 f6 25. f3 Rc4 26. Nd4 g6 27. g4 Kf7 28.
Rd2 Be7 29. Rc2 Rxc2 30. Nxc2 Ke8 31. Ke2 Kd7 32. Bd2 b5 33. e4 Ne6 34. f4 Ra4
35. Kf3 Bxa3 36. f5 Nd4+ 37. Nxd4 Rxd4 38. Be3 Rc4 39. Rd1+ Ke7 40. e5 Rc3 41.
Ke4 Rc4+ 42. Kf3 Bc5 43. Bf4 b4 44. e6 Bd4 45. Be3 Bxe3 46. Rd7+ Ke8 47. Kxe3
Rxg4 48. Rxh7 gxf5 49. h4 Re4+ 50. Kf3 b3 51. Rb7 Rxh4 52. Kg3 Re4 0-1

[Event "Moscow Open A 2015"]
[Site "Moscow RUS"]
[Date "2015.02.01"]
[Round "2.44"]
[White "Asgarizadeh, Ahmad"]
[Black "Vokhidov, Shamsiddin"]
[Result "1/2-1/2"]
[WhiteElo "2424"]
[BlackElo "2218"]
[WhiteFideId "12505684"]
[BlackFideId "14204223"]
[EventDate "2015.01.31"]

1. e4 c5 2. Nf3 e6 3. d4 cxd4 4. Nxd4 Nc6 5. Nc3 Qc7 6. Be3 Nf6 7. Be2 a6 8. O-O
b5 9. Nxc6 dxc6 10. a3 e5 11. f4 Bb7 12. Qe1 Bd6 13. f5 Qe7 14. Qf2 c5 15. Rad1
b4 16. Nd5 Bxd5 17. exd5 O-O 18. g4 Nd7 19. g5 f6 20. g6 h6 21. Qh4 Rfe8 22. Qe4
Qd8 23. a4 Qa5 24. Kh1 Kf8 25. Bd2 Ke7 26. c3 Rec8 27. Rc1 Nb6 28. b3 c4 29.
cxb4 Qxd5 30. Qxd5 Nxd5 31. Bf3 c3 32. Bxc3 Nxc3 33. Bxa8 Bxb4 34. Bb7 Rc5 35.
Bxa6 e4 36. Bc4 Re5 37. Rc2 e3 38. Rf4 Ba5 39. Be2 Nd5 40. Rf1 Bd2 41. Bc4 Nc3
42. Ra1 Ne4 43. a5 Bxa5 44. Re2 Bb6 45. Ra6 Bd4 46. Re6+ Rxe6 47. fxe6 f5 48.
Kg2 Nd2 49. Bd5 f4 50. b4 Kd6 51. Rxd2 exd2 52. Bb3 d1=Q 53. Bxd1 Kxe6 54. Kf3 1/2-1/2

[Event "Moscow Open A 2015"]
[Site "Moscow RUS"]
[Date "2015.02.01"]
[Round "2.45"]
[White "Mezentsev, Ivan"]
[Black "Zakhartsov, Vladimir"]
[Result "0-1"]
[BlackTitle "IM"]
[WhiteElo "2078"]
[BlackElo "2421"]
[WhiteFideId "13706195"]
[BlackFideId "4145097"]
[EventDate "2015.01.31"]

1. d4 Nf6 2. c4 g6 3. Nc3 d5 4. Nf3 Bg7 5. Qb3 dxc4 6. Qxc4 O-O 7. e4 Na6 8. Bg5
c5 9. d5 Ne8 10. Qb3 Nd6 11. e5 f6 12. exd6 fxg5 13. d7 Qxd7 14. Bxa6 bxa6 15.
O-O g4 16. Ng5 Qb7 17. Qxb7 Bxb7 18. Ne6 Rf5 19. Rad1 Rc8 20. Nxg7 Kxg7 21. Rfe1
Kf7 22. Re4 h5 23. Rde1 Rc7 24. Re5 Rxe5 25. Rxe5 Rd7 26. f4 gxf3 27. gxf3 Rd6
28. Kf2 c4 29. Ke3 Rb6 30. Nd1 Kf6 31. f4 Bc8 32. Kd4 Bg4 33. Nc3 Rxb2 34. Kxc4
Rxh2 35. Ne4+ Kf7 36. Ng5+ Ke8 37. d6 e6 38. Ne4 Kd7 39. Rc5 Rc2+ 40. Kd4 Rxc5
41. Kxc5 Bf3 42. Ng5 Bd5 43. a3 h4 44. Nf7 h3 45. Ne5+ Kc8 46. Ng4 Bf3 47. Nh2
Be2 48. Kc6 Bb5+ 49. Kc5 Kd7 50. Ng4 Be2 51. Ne5+ Kd8 52. d7 Kc7 53. Nf7 Kxd7 0-1

[Event "Moscow Open A 2015"]
[Site "Moscow RUS"]
[Date "2015.02.01"]
[Round "2.46"]
[White "Alikulov, Elbek"]
[Black "Aliyev, Ravan"]
[Result "1-0"]
[WhiteTitle "FM"]
[WhiteElo "2418"]
[BlackElo "2070"]
[WhiteFideId "14203308"]
[BlackFideId "13409980"]
[EventDate "2015.01.31"]

1. e4 d6 2. d4 g6 3. Nc3 Bg7 4. f4 Nf6 5. Nf3 O-O 6. Bd3 c5 7. dxc5 dxc5 8. e5
Nd5 9. Nxd5 Qxd5 10. Qe2 Nc6 11. Be4 Qd8 12. Bxc6 bxc6 13. O-O Qb6 14. Kh1 c4
15. Re1 Be6 16. a4 Bd5 17. Ra3 a5 18. Re3 e6 19. Ng5 Qb4 20. Ne4 Bxe4 21. Rxe4
Qxa4 22. Rxc4 Qb5 23. Qe4 Rac8 24. b3 Qd5 25. Qe2 Rfd8 26. Be3 Bf8 27. Bb6 Rd7
28. Rd4 Qxd4 29. Bxd4 Rxd4 30. Rd1 Rcd8 31. Rxd4 Rxd4 32. g3 Bb4 33. Qf3 Rd5 34.
c3 Bf8 35. c4 Rd2 36. Qxc6 Rd3 37. Qb6 Rc3 38. Kg2 Bb4 39. g4 Rc2+ 40. Kf3 Kg7
41. h4 Rc3+ 42. Ke4 Rxb3 43. f5 gxf5+ 44. gxf5 exf5+ 45. Kxf5 Rf3+ 46. Ke4 Rh3
47. Qf6+ Kg8 48. e6 Rh1 49. Qxf7+ 1-0